| 000 | 00667nam a2200193 4500 | ||
|---|---|---|---|
| 005 | 20240216143510.0 | ||
| 010 | _aENG-125620 | ||
| 020 |
_a9789351711438 _c3500.00 |
||
| 035 | _aEN-109152 | ||
| 037 | _bDBAD/PUB | ||
| 082 | _a934 | ||
| 100 |
_aParmar, Narender _962222 |
||
| 245 |
_aHarappan civilization : _bbeyond the Saraswati - Drishadvati valley / _cby Narender Parmar |
||
| 260 |
_aNew Delhi _bResearch India Press _c2019 |
||
| 270 |
_aE-6/34, Sangam Vihar _bNew Delhi _e110062 _k011-26047013, 9818085794 _m011-26047013 |
||
| 300 |
_axiv,187p; _c29cm(Hb) _bill. |
||
| 500 | _aIncludes bibliographical references | ||
| 942 |
_2ddc _cEN _h934 _mPAR |
||
| 999 |
_c165378 _d165378 |
||